| 000 | 01250cam a2200373 a 4500 | ||
|---|---|---|---|
| 001 | 27776 | ||
| 003 | BD-RjUL | ||
| 005 | 20211209051212.0 | ||
| 008 | 140327s1987 ii af b 001 0 eng d | ||
| 035 | _a(OCoLC)19695246 | ||
| 035 | _a(OCoLC)ocm19695246 | ||
| 035 | _a(CStRLIN)NYCG88-B78317 | ||
| 035 | _a(BD-RjUL)27855 | ||
| 040 |
_aNNC _cNNC _beng _dBD-RjUL |
||
| 041 | _aeng | ||
| 082 |
_a954 _bPAF 1987 |
||
| 090 |
_aDS485.O655 _bP35 1987g |
||
| 100 | 1 |
_aPanda, A. K. _q(Akhil Kumar) _985267 |
|
| 245 | 1 | 0 |
_aFour hundred years of Orissa : _ba glorious epoch / _cA.K. Panda. |
| 260 |
_aCalcutta : _bPunthi Pustak, _c1987. |
||
| 300 |
_axxiv, 318, [2] p., 11 p. of plates : _bill., geneal. tables ; _c25 cm. |
||
| 490 | 1 |
_aOrissa studies project ; _vno. 32 |
|
| 500 | _aOriginally presented as the author's thesis (Ph. D.--Sambalpur University, 1985). | ||
| 500 | _aHistory of Orissa under the Gangas, 1038-1435. | ||
| 500 | _aIncludes index. | ||
| 504 | _aBibliography: p. [277]-287. | ||
| 600 | 3 | 0 |
_aGangas. _985275 |
| 651 | 0 |
_aIndia _xHistory _y1000-1526. _985269 |
|
| 651 | 0 |
_aOrissa (India) _xHistory. _985270 |
|
| 830 | 0 |
_vno. 32. _985276 |
|
| 830 | 0 |
_aOrissa studies project ; _921976 |
|
| 942 |
_2ddc _cBK |
||
| 999 |
_c27776 _d27776 |
||